| 000 -LEADER |
| fixed length control field |
00510nam a2200157Ia 4500 |
| 008 - FIXED-LENGTH DATA ELEMENTS--GENERAL INFORMATION |
| fixed length control field |
181130s2018 xx 000 0 und d |
| 100 ## - MAIN ENTRY--PERSONAL NAME |
| Personal name |
Deshmukh, Neelima |
| 245 ## - TITLE STATEMENT |
| Title |
Looking through lens |
| Remainder of title |
the critical analysis and the impact of various pro women policies and safety measures options available in India |
| 260 ## - PUBLICATION, DISTRIBUTION, ETC. |
| Date of publication, distribution, etc. |
2018 |
| 300 ## - PHYSICAL DESCRIPTION |
| Extent |
p.67-76. |
| 504 ## - BIBLIOGRAPHY, ETC. NOTE |
| -- |
Jan-Jun |
| 650 ## - SUBJECT ADDED ENTRY--TOPICAL TERM |
| Topical term or geographic name entry element |
Women |
| 650 ## - SUBJECT ADDED ENTRY--TOPICAL TERM |
| Topical term or geographic name entry element |
Women safety - India |
| 773 ## - HOST ITEM ENTRY |
| Main entry heading |
South Asian Journal of Socio-Political Studies |
| 906 ## - LOCAL DATA ELEMENT F, LDF (RLIN) |
| a |
Women |